| 000 | 00615nam a2200229Ia 4500 | ||
|---|---|---|---|
| 005 | 20250213012854.0 | ||
| 008 | 240331s9999 xx 000 0 und d | ||
| 020 | _a9627156132 | ||
| 082 |
_bBUT _24795 _a305.4 |
||
| 245 | 0 |
_aResurgent Patriarchies: _bChallenges for Women's Movement in Asia |
|
| 260 |
_aKowloon _bAsian Regional Exchange for New Alternatives |
||
| 300 | _a221 p., | ||
| 650 | _aWomen | ||
| 650 | _aPatriarchy | ||
| 650 | _aAsia | ||
| 650 | _aReligion | ||
| 650 | _aViolence Against Women | ||
| 700 |
_aButalia, U _eedt |
||
| 700 |
_aMagno, N _eedt |
||
| 700 |
_aChi, L. K _eedt |
||
| 942 | _cL | ||
| 999 |
_c1697 _d1697 |
||